| 000 | 00605nam a2200205Ia 4500 | ||
|---|---|---|---|
| 003 | GCL | ||
| 005 | 20240530105139.0 | ||
| 008 | 140319s9999 xx 000 0 ara d | ||
| 040 |
_aGCL / _cGCL |
||
| 082 | 0 | 4 |
_a956.9 _bع ك |
| 100 | 1 | _aعبدالله التل | |
| 245 | 1 | 0 |
_aكارثة فلسطين / _cعبدالله التل |
| 260 |
_a[S.N] : _bدار الهدى ، _c1990 |
||
| 490 |
_aخزانة فلسطين التاريخية _v0 |
||
| 600 | 0 | _aعبدالله التل | |
| 650 | 0 | 4 | _aتاريخ |
| 650 | 0 | 4 | _aفلسطين |
| 650 | 0 | 4 | _aالقصة الفلسطينية |
| 942 |
_2ddc _cBK |
||
| 999 |
_c53540 _d53540 |
||